| 000 | 00485nam a2200181Ia 4500 | ||
|---|---|---|---|
| 001 | 4391 | ||
| 005 | 20260306145752.0 | ||
| 008 | 260306t2001||||xx |||||||||||||| ||spa|| | ||
| 041 | _aESP | ||
| 082 |
_a320.9862 _bM86 |
||
| 100 |
_aMorelli, Federica _eAUT |
||
| 245 | 0 |
_aTerritorio o nazione: _briforma e dissoluzione dello spazio imperiale in Ecuador, 1765-1830 |
|
| 260 | _c2001 | ||
| 300 |
_a466 páginas : _c24 cm. |
||
| 650 | _aGEN | ||
| 654 | _aCDE | ||
| 942 |
_cLIB _dJUS _fJUS _2ddc _n |
||
| 999 |
_c4391 _d4391 |
||